Nghệ thuật làm hoa vải, hoa giấy

Gorde:
Xehetasun bibliografikoak
Egile nagusia: Lê Ngọc Đăng
Formatua: Liburua
Hizkuntza:Undetermined
Argitaratua: Tp. HCM Nxb. Tp. HCM 1992
Gaiak:
Etiketak: Etiketa erantsi
Etiketarik gabe, Izan zaitez lehena erregistro honi etiketa jartzen!
Thư viện lưu trữ: Trung tâm Học liệu Trường Đại học Cần Thơ
LEADER 00482nam a2200169Ia 4500
001 CTU_9594
008 210402s9999 xx 000 0 und d
082 |a 745.54 
082 |b Đ116 
100 |a Lê Ngọc Đăng 
245 0 |a Nghệ thuật làm hoa vải, hoa giấy 
245 0 |c Lê Ngọc Đăng 
260 |a Tp. HCM 
260 |b Nxb. Tp. HCM 
260 |c 1992 
650 |a handicraft,paper, handmade 
980 |a Trung tâm Học liệu Trường Đại học Cần Thơ